000 00649nam a2200205Ia 4500
003 GCL
008 140319s9999 xx 000 0 ara d
040 _aGCL /
_cGCL
082 0 4 _a842.009
_bج ق
100 1 _aبارو، جان لويس
245 1 0 _aالقضية : مسرحية مقتبسة عن كافكا /
_cبارو، جان لويس
700 1 _aسامى الجندى (ترجمة)
700 1 _aجيد، اندريه
300 _a123 ص
490 _a
650 0 4 _aالمسرحيات الفرنسية
650 0 4 _aالادب الفرنسى المترجم
650 0 4 _aالادب العالمى المترجم
942 _2ddc
_cBK
999 _c39850
_d39850